• 首页
  • 本馆介绍
  • 公告通知
  • 最新文献
  • 馆藏检索
  • 电子资源
  • 读者导购
  • 参考咨询
  • 我的图书馆
  • 登录
  • 详细信息显示
  • 放入我的书架
  • 预约/预借图书
  • 作者相关作品
  • 分类相关作品
  • 丛书相关作品
  • 出版社相关作品

书目信息

  • 表格格式
  • 工作单格式
  • 卡片格式
题名:
从诸子之学到官方经学
    
 
作者: 梁振杰 著
分册:  
出版信息: 北京   中华书局  2021.08
页数: 473页
开本: 24cm
丛书名:
单 册:
中图分类: B222.05
科图分类:
主题词: 儒学--ru xue--思想史--研究--中国--古代
电子资源:
ISBN: 978-7-101-15302-6
000 02075nam0 2200289 450
001 CAL 0120217274554
005 20230308143222.0
010    @a978-7-101-15302-6@dCNY98.00
100    @a20211021d2021 em y0chiy0120 ea
101 0  @achi
102    @aCN@b110000
105    @ay a 000yy
106    @ar
200 1  @a从诸子之学到官方经学@Acong zhu zi zhi xue dao guan fang jing xue@e儒学由先秦至汉的转变研究@d= An evolution from one of the hundred schools of thought to the offcial classics@ea study on the transformation of confucianism from pre-Qin to Han dynasty@f梁振杰著@zeng
210    @a北京@c中华书局@d2021.08
215    @a473页@d24cm
300    @a国家社科基金后期资助项目
314    @a梁振杰, 文学博士、中国古代思想文化史博士后。河南大学文学院副教授, 黄河文明省部共建协同创新中心研究员, 韩国全北大学访问教授。主要研究方向为先秦两汉文学与文化、先秦诸子与经学、中国古代学术思想史。主持国家社科基金、教育部人文社科基金、中国博士后基金等项目。已出版《走近原始儒家 —— 战国楚简儒家思想研究》《论语集注》《大学中庸集注》等, 发表学术论文十余篇。
320    @a有书目
330    @a本书稿运用出土文献与传世文献相结合、文献考据与义理阐释相结合的研究方法, 对儒学由先秦至汉代的转变历程进行了全面系统的研究。揭示了儒学各发展时期的基本思想主张、学术理念及其在思想史、学术史上的突出特征, 重点考察儒学在每一时期与之前的思想主张、学术观点的差异 ; 深入分析儒学各个时期, 尤其是由诸子之学到官方经学转变的社会思想文化原因 ; 揭示儒学由诸子之学到官方经学的转变对当时思想文化的影响与作用 ; 考察汉武帝以后, 儒学官方经学地位确立对汉代士人人生命运、思想意识的影响, 及其汉代“儒学独尊”情景下, 当时思想文化与学术思潮的实际状况。
510 1  @aEvolution from one of the hundred schools of thought to the offcial classics@ea study on the transformation of confucianism from pre-Qin to Han dynasty@zeng
517 1  @a儒学由先秦至汉的转变研究@Aru xue you xian qin zhi han de zhuan bian yan jiu
606 0  @a儒学@Aru xue@x思想史@x研究@y中国@z古代
690    @aB222.05@v5
701  0 @a梁振杰@Aliang zhen jie@4著
801  0 @aCN@bBJXHXP@c20230308
905    @b1403414-7@dB222.05@e1087@f4
    
    从诸子之学到官方经学:儒学由先秦至汉的转变研究= An evolution from one of the hundred schools of thought to the offcial classics:a study on the transformation of confucianism from pre-Qin to Han dynasty/梁振杰著.-北京:中华书局,2021.08
    473页;24cm
    国家社科基金后期资助项目
    
    ISBN 978-7-101-15302-6:CNY98.00
    本书稿运用出土文献与传世文献相结合、文献考据与义理阐释相结合的研究方法, 对儒学由先秦至汉代的转变历程进行了全面系统的研究。揭示了儒学各发展时期的基本思想主张、学术理念及其在思想史、学术史上的突出特征, 重点考察儒学在每一时期与之前的思想主张、学术观点的差异 ; 深入分析儒学各个时期, 尤其是由诸子之学到官方经学转变的社会思想文化原因 ; 揭示儒学由诸子之学到官方经学的转变对当时思想文化的影响与作用 ; 考察汉武帝以后, 儒学官方经学地位确立对汉代士人人生命运、思想意识的影响, 及其汉代“儒学独尊”情景下, 当时思想文化与学术思潮的实际状况。
●
相关链接 在E读中查询图书 在五车中查询图书 在当当中查询图书 在豆瓣中查询图书


正题名:从诸子之学到官方经学     索取号:B222.05/1087         预约/预借

序号 登录号 条形码 馆藏地/架位号 状态 备注
1 1403414   214034141   第一样本阅览室/ [索取号:B222.05/1087] 在馆    
2 1403415   214034150   第一借阅区/ [索取号:B222.05/1087] 在馆    
3 1403416   214034169   第一借阅区/ [索取号:B222.05/1087] 在馆    
4 1403417   214034178   第一借阅区/ [索取号:B222.05/1087] 在馆    
唐山师范学院图书馆 欢迎您!
大连网信软件有限公司© 版权所有